The age of elegance, (1812-1822) / (Record no. 24814)
[ view plain ]
| 000 -LEADER | |
|---|---|
| fixed length control field | 00843nam a22002652a 4500 |
| 001 - CONTROL NUMBER | |
| control field | 24814 |
| 003 - CONTROL NUMBER IDENTIFIER | |
| rucl marc code | BD-RjUL |
| 005 - DATE AND TIME OF LATEST TRANSACTION | |
| control field | 20211209001112.0 |
| 008 - FIXED-LENGTH DATA ELEMENTS--GENERAL INFORMATION | |
| fixed length control field | 140315r1952 enkb b 001 0 eng d |
| 035 ## - SYSTEM CONTROL NUMBER | |
| System control number | (BD-RjUL)24883 |
| 040 ## - CATALOGING SOURCE | |
| Original cataloging agency | DLC |
| Transcribing agency | KSU |
| Modifying agency | OCL |
| -- | SER |
| -- | OCL |
| -- | FBA |
| -- | UKM |
| -- | EQO |
| -- | BD-RjUL |
| Language of cataloging | eng |
| 041 ## - LANGUAGE CODE | |
| Language code of text/sound track or separate title | eng |
| 082 04 - DEWEY DECIMAL CLASSIFICATION NUMBER | |
| Classification number | 942.073 |
| Author mark and year | BRA 1952 |
| 100 1# - MAIN ENTRY--PERSONAL NAME | |
| Personal name | Bryant, Arthur, |
| Dates associated with a name | 1899-1985 |
| 9 (RLIN) | 18905 |
| 245 14 - TITLE STATEMENT | |
| Title | The age of elegance, (1812-1822) / |
| Statement of responsibility, etc. | Arthur Bryant |
| 260 ## - PUBLICATION, DISTRIBUTION, ETC. (IMPRINT) | |
| Place of publication, distribution, etc. | London : |
| Name of publisher, distributor, etc. | Collins, |
| Date of publication, distribution, etc. | 1952. |
| 300 ## - PHYSICAL DESCRIPTION | |
| Pagination | x, 450 p. ; |
| Size | 23 cm. |
| 504 ## - BIBLIOGRAPHY, ETC. NOTE | |
| Bibliography, etc | includes Bibliographical reference and index. |
| 651 #0 - SUBJECT ADDED ENTRY--GEOGRAPHIC NAME | |
| Geographic name | Great Britain |
| General subdivision | History |
| Chronological subdivision | 1800-1837 |
| 9 (RLIN) | 76357 |
| Geographic name | Europe |
| General subdivision | History |
| Chronological subdivision | 1789-1815 |
| 9 (RLIN) | 76394 |
| Geographic name | Great Britain |
| General subdivision | History, Military |
| Chronological subdivision | 1789-1820 |
| 9 (RLIN) | 75927 |
| 942 ## - ADDED ENTRY ELEMENTS (KOHA) | |
| Source of classification or shelving scheme | Dewey Decimal Classification |
| Koha item type | Books |
| Lost status | Source of classification or shelving scheme | Damaged status | Not for loan | Collection code | Permanent Location | Current Location | Shelving location | Date acquired | Source of acquisition | Cost, normal purchase price | Total Checkouts | Full call number | Date last seen | Copy number | Koha item type |
|---|---|---|---|---|---|---|---|---|---|---|---|---|---|---|---|
| Dewey Decimal Classification | Added to bundle | Non-fiction | Central Library, University of Rajshahi | Central Library, University of Rajshahi | Reading Room | 11/04/1957 | Grizuch Agency | 12.30 | 942.073 BRA 1952 | 15/03/2014 | C-1 | Books |